Seabad bersama anda : (Record no. 138689)

MARC details
000 -LEADER
fixed length control field 00799nam a2200241 i 4500
001 - CONTROL NUMBER
control field C2-0341669
003 - CONTROL NUMBER IDENTIFIER
control field PPAK
005 - DATE AND TIME OF LATEST TRANSACTION
control field 20180728143304.0
008 - FIXED-LENGTH DATA ELEMENTS--GENERAL INFORMATION
fixed length control field 170606s1991 my a|||| ||||| | may d
040 ## - CATALOGING SOURCE
Original cataloging agency PPAK
Language of cataloging eng
Transcribing agency PPAK
Description conventions rda
082 04 - DEWEY DECIMAL CLASSIFICATION NUMBER
Classification number 354.5609595113
Edition number 23
090 00 - LOCALLY ASSIGNED LC-TYPE CALL NUMBER (OCLC); LOCAL CALL NUMBER (RLIN)
Classification number (OCLC) (R) ; Classification number, CALL (RLIN) (NR) 354.5609595113
Feature heading MZA
Feature heading KK
100 0# - MAIN ENTRY--PERSONAL NAME
Personal name M.Z. Azmie,
Titles and words associated with a name Dato'
Relator term author
245 10 - TITLE STATEMENT
Title Seabad bersama anda :
Remainder of title sejarah Jabatan Perkhidmatan Haiwan Negeri Pulau Pinang
264 #1 - PRODUCTION, PUBLICATION, DISTRIBUTION, MANUFACTURE, AND COPYRIGHT NOTICE
Place of production, publication, distribution, manufacture Pulau Pinang :
Name of producer, publisher, distributor, manufacturer Jabatan Perkhidmatan Haiwan negeri Pulau Pinang ,
Date of production, publication, distribution, manufacture, or copyright notice 1991
300 ## - PHYSICAL DESCRIPTION
Extent 60 pages :
Other physical details illustrations ;
Dimensions 27 cm
336 ## - CONTENT TYPE
Source rdacontent
Content type term text
337 ## - MEDIA TYPE
Source rdamedia
Media type term unmediated
338 ## - CARRIER TYPE
Source rdacarrier
Carrier type term volume
500 ## - GENERAL NOTE
General note Includes references pages
650 10 - SUBJECT ADDED ENTRY--TOPICAL TERM
Topical term or geographic name entry element Animal culture History - Pulau Pinang.
942 ## - ADDED ENTRY ELEMENTS (KOHA)
-- dc
Koha item type Book
Holdings
Withdrawn Not for loan Current library Shelving location Date acquired Full call number Barcode Date last seen Koha item type
  Not For Loan Perpustakaan Alor Setar Koleksi Kedah 08/06/2017 KK 354.5609595113 MZA A00366962 09/05/2018 Book